00877nam a2200241 a 450000100100000000500170001000800410002704000250006808200190009310000390011224500980015126000340024930000170028349000320030049000090033250000550034150000340039660000690043065100500049970000450054983000320059483000090062600001623320250621074006.0100301s1983 dr 001 0 spa d aDO-SdBNPbspacBNPHU a320.404bJ826d1 aJorge Blanco, Salvador,d1926-201010aDiscursos presidenciales /cSalvador Jorge Blanco ; prólogo Ramón Alburquerque Ramírez. aSanto Domingo :bONAP,c1983. av. ;c22 cm.1 aEstudios políticosvno. 21 aONAP aIncluye datos biográficos del autor en la solapa aLa biblioteca posee el v. 1-410aJorge Blanco, Salvador, d1926-2000vEnsayos, conferencias, etc. 0aRepública DominicanaxPolítica y gobierno1 aAlburquerque Ramírez, Ramónepról. 0aEstudios políticosvno. 2 aONAP